000 00352nam a2200145 a 4500
005 20141022142001.0
008 100916s19uu xx 00 eng d
050 _aDVD
_bB11 2002
100 _aBaugh, John
245 _aManaging Communication.
260 _bStandford University,
_c2002.
650 _aDVD
650 _acommunication
942 _cAVM
999 _c276253
_d276253